Opredelitelʹ listostebelʹnykh mkhov SSSR : verkhoplodnye mkhi /
Saved in:
| Main Author: | |
|---|---|
| Corporate Author: | |
| Other Authors: | |
| Format: | Book |
| Language: | Russian |
| Published: |
Leningrad :
Izd-vo "Nauka" Leningradskoe otd-nie
1970.
|
| Subjects: | |
| Tags: |
Add Tag
No Tags, Be the first to tag this record!
|
| LEADER | 01612cam a2200361Ia 4500 | ||
|---|---|---|---|
| 001 | 005683077-7 | ||
| 005 | 20140516185554.0 | ||
| 008 | 860514s1970 ru a b 001 0 ruso | ||
| 010 | |a 76869956 | ||
| 035 | 0 | |a ocm13569978 | |
| 040 | |a DLC |c SMI |d OCL |d LHL |d BOH | ||
| 043 | |a e-ur--- | ||
| 050 | 0 | |a QK544.R9 |b S28 | |
| 100 | 1 | |a Savich-Li︠u︡bit︠s︡kai︠a︡, L. I. |q (Lidii︠a︡ Ivanovna), |d 1886-1982. | |
| 245 | 1 | 0 | |a Opredelitelʹ listostebelʹnykh mkhov SSSR : |b verkhoplodnye mkhi / |c L.I. Savich-Li͡ubit͡skai͡a, Z.N. Smirnova. |
| 246 | 3 | |a Handbook of the mosses of the U.S.S.R. | |
| 246 | 1 | 5 | |a Handbook of the mosses in the U.S.S.R. |
| 260 | |a Leningrad : |b Izd-vo "Nauka" Leningradskoe otd-nie |c 1970. | ||
| 300 | |a 824 p. : |b ill. ; |c 27 cm. | ||
| 500 | |a At head of title: Akademii͡a nauk SSSR. Botanicheskiĭ institut im. V.L. Komarova. | ||
| 500 | |a On verso of t.p.: The handbook of the mosses in the U.S.S.R. | ||
| 500 | |a Includes indexes. | ||
| 504 | |a Bibliography: p. 4-5. | ||
| 650 | 0 | |a Mosses |z Former Soviet republics. | |
| 650 | 0 | |a Mosses |z Former Soviet republics |v Identification. | |
| 650 | 0 | |a Mosses |z Former Soviet republics |v Classification. | |
| 655 | 7 | |a Classification. |2 fast | |
| 655 | 7 | |a Guidebooks. |2 fast | |
| 700 | 1 | |a Smirnova, Z. N. |q (Zoi︠a︡ Nikolaevna), |d 1898- | |
| 710 | 2 | |a Botanicheskiĭ institut im. V.L. Komarova. | |
| 776 | 0 | 8 | |i Online version: |a Savich-Li͡ubit͡skai͡a, L. I. (Lidii͡a Ivanovna), b. 1886. |t Opredelitelʹ listostebelʹnykh mkhov SSSR. |d Leningrad : "Nauka," Leningradskoe otd-nie, 1970 |w (OCoLC)688381252 |
| 988 | |a 20020608 | ||
| 906 | |0 DLC | ||


